Surface modification of quantum dots and magnetic nanoparticles with PEG-conjugated chitosan derivatives for biological applications

Bibliographic Details
Main Authors: Li, Kun (Author), Lv, Yan (Author), Li, Yapeng (Author)
Format: Article
Language:English
Subjects:

MARC

LEADER 00000nab a2200000uu 4500
001 vtls010879556
003 SK-MaSNL
005 20260303183029.0
008 230303|2013 xo |||||||||||||||||eng|
015 |a SNBRB 
035 |a (urnnbn)urn:nbn:sk:snk:ar-005w5t 
035 |a (uuid)bb94f319-3b6b-4953-8305-3bc2fba2e2f7 
035 |a urn:nbn:sk:snk-ab7nhl 
040 |a SNKBUCL  |b slo  |c SNKBUCL  |e AACR2 
041 0 |a eng 
044 |a xo  |c SK 
100 1 |a Li, Kun  |4 aut  |9 1211771 
245 1 0 |a Surface modification of quantum dots and magnetic nanoparticles with PEG-conjugated chitosan derivatives for biological applications  |c Kun Li, Yan Lv, Yapeng Li 
504 |a Bibliogr. odkazy 
650 0 7 |a nanočastice  |2 SNK  |9 247407 
650 0 7 |a chitosan  |2 SNK  |9 90744 
650 0 7 |a kvantové bodky  |2 SNK  |9 161036 
655 7 |a štúdie  |2 SNKPH  |9 57033 
700 1 |a Lv, Yan  |4 aut  |9 1211772 
700 1 |a Li, Yapeng  |4 aut  |9 1211773 
773 0 |t Chemical papers  |g Roč. 67, č. 11 (2013), s. [1404]-1413 
958 |a NB 
958 |a OND 
958 |a EUIPO 
958 |a article8 
999 |c 2119085  |d 2121015